Honkai Starrail: Laber-Rhabarber (1) - Statistiken

Allgemein
  • Dieses Quiz wurde 11 mal gespielt
    10 seit der letzten Aktualisierung
  • Das Durchschnittsergebnis liegt bei 6 aus 10
Antwortstatistiken
Frage Antwort % Korrekt
"Ich bin schon perfekt genug, was muss ich noch beweisen? Natürlich könnte ich noch ein paar Bücher schreiben... aber was würde mir das bringen? Warum sollte ich mir die Mühe machen?"
89%
"Verehrter Gast, möchtest du dein Schicksal erfahren? Du brauchst dich nicht zu wundern – der Grund für dein Kommen wurde bereits durch das Hexagramm vorhergesagt."
78%
"Komm einfach zu mir, wenn es etwas Gefährliches zu erledigen gibt. Der Preis ist verhandelbar, solange ich Interesse habe. Schließlich ist Spaß daran das Wichtigste, oder?"
78%
"Es ist so lästig, mit Leuten zu reden und zu versuchen, herauszufinden, was sie meinen... *seufz* Wenn ich mit Pela rede, muss ich wenigstens nicht so viel nachdenken..."
67%
"Willst du ein Bonbon? Nein? Dann nehme ich es."
67%
"Man wird reich, indem man Geld verdient, nicht indem man Geld spart. Diese hohen Tiere im Ältestenrat preisen sogar einen Klumpen Rotlehm als revolutionäres Kunstwerk an. Selbst der Gott der Täuschung muss vor einem solchen Betrugsniveau das Knie beugen."
56%
"Ich bin persönlich zur Xianzhou Luofu gekommen, um dem Duell der Silberpistole Shura beizuwohnen. Der Gegner ist ein roter Oni-Ninja, der eine Ninja-Armprothese benutzt und einen makellosen Kampfwillen besitzt. Er ist kein gewöhnlicher Mensch."
56%
"Als Kommandantin der Ritter der Heiligen Stadt werde ich hier stationiert sein und niemals zulassen, dass die Turbulenzen des Schicksals dich stören."
44%
"Oft fliegen Glühwürmchen und Schmetterlinge um mich herum, aber auch Spinnen und Kakerlaken folgen mir... Deshalb gehe ich lieber an kalte Orte, aber sobald die Temperatur abfällt, werde ich ganz träge. Man hat es nie leicht..."
44%
"Zu Diensten. Ich bin von der Abteilung für strategische Investitionen der IFK, ein Spezialist für die Liquidierung unrentabler Vermögenswerte... Natürlich kann ich auch die Rolle eines Freundes spielen."
11%
Keine übereinstimmenden Quizze gefunden
Verteilung der Resultate
Anzahl Personen mit jedem Resultat
Perzentil nach korrekt beantworteten Fragen
Ihre Resultats-Entwicklung
Sie haben dieses Quiz seit der letzten Aktualisierung nicht gespielt